Największe porty lotnicze w Polsce - Statystyki

Ogólne statystyki
  • Ten quiz został rozwiązany 411 razy
  • Średni wynik to 10 z 16
Statystyki odpowiedzi
Obsłużeni pasażerowie (2019) Patron/Nazwa Dzielnica/miasto fkt. Miasto % Poprawnych
18 869 302 Fryderyk Chopin Włochy Warszawa
99%
5 376 120 Lech Wałęsa Rębiechowo Gdańsk
89%
8 410 817 Jan Paweł II Zabierzów Kraków
86%
3 080 699 (2018) Modlin Nowy Dwór Mazowiecki Warszawa
83%
4 843 889 Pyrzowice Ożarowice Katowice
78%
2 465 418 (2018) Henryk Wieniawski Ławica Poznań
69%
3 548 089 Mikołaj Kopernik Strachowice Wrocław
67%
598 663 (2018) NSZZ "Solidarność" Goleniów Szczecin
60%
772 238 Jasionka Trzebownisko Rzeszów
59%
117 102 (2018) Mazury Szczytno Olsztyn
56%
0 Bemowo Stare Babice Warszawa
53%
454 103 (2018) Świdnik Świdnik Lublin
49%
217 426 (2018) Władysław Reymont Lublinek Łódź
44%
398 066 (2018) Ignacego Paderewskiego Szwederowo Bydgoszcz
41%
21 269 (2018) Babimost Babimost Zielona Góra
41%
0 (2019) [9 903 (2017)] Sadków Sadków Radom
40%
Nie znaleziono quizów pasujących do podanych kryteriów
Rozkład punktacji
Procent ludzi z każdym wynikiem
Percentyl według liczby udzielonych odpowiedzi
Twoja historia wyników
Nie rozwiązałeś tego quizu